000 00300nam a22001457a 4500
008 210526b ||||| |||| 00| 0 eng d
020 _a1578372755
041 _aeng
080 _a53
082 _a53
100 _a43
101 _aFIZ
245 _aPhysics in Context
_cWaco,C
942 _2udc
_cBK
999 _c57649
_d57649